000 00344nam a2200145Ia 4500
008 191201s2010 xx 000 0 und d
082 _a658.51DAM
100 _aDATTA, A.K.
245 0 _aMaterials Management Procedures, Text and Cases
250 _a2nd
260 _aN. Delhi
_bPHI
_c2010
300 _a404
650 _aBBA
942 _2ddc
_cBK
999 _c5126
_d5126